Central Library OPAC University of Rajshahi

The early caliphate / (Record no. 33029)

MARC details
000 -LEADER
fixed length control field 00713nam a2200241 a 4500
001 - CONTROL NUMBER
control field 33029
003 - CONTROL NUMBER IDENTIFIER
rucl marc code BD-RjUL
005 - DATE AND TIME OF LATEST TRANSACTION
control field 20211209051932.0
008 - FIXED-LENGTH DATA ELEMENTS--GENERAL INFORMATION
fixed length control field 140429s1951 pk 001 0 eng d
035 ## - SYSTEM CONTROL NUMBER
System control number (BD-RjUL)33119
040 ## - CATALOGING SOURCE
Original cataloging agency IHT
Transcribing agency IHT
Modifying agency BD-RjUL
Language of cataloging eng
041 1# - LANGUAGE CODE
Language code of text/sound track or separate title eng
Language code of original urd
082 ## - DEWEY DECIMAL CLASSIFICATION NUMBER
Classification number 297.648
Author mark and year ALE 1951
100 1# - MAIN ENTRY--PERSONAL NAME
Personal name Ali, Muhammad,
Dates associated with a name 1875 December-1951.
9 (RLIN) 60488
245 14 - TITLE STATEMENT
Title The early caliphate /
Statement of responsibility, etc. by Maulānā Muḥammad ʿAlī
250 ## - EDITION STATEMENT
Edition statement 3rd ed.
260 ## - PUBLICATION, DISTRIBUTION, ETC. (IMPRINT)
Place of publication, distribution, etc. Lahore :
Name of publisher, distributor, etc. Aḥmadiyya anjuman is̲ẖāʿat Islām,
Date of publication, distribution, etc. 1951
300 ## - PHYSICAL DESCRIPTION
Pagination viii, 325 p. ;
Size 22 cm
500 ## - GENERAL NOTE
General note Includes index
650 #0 - SUBJECT ADDED ENTRY--TOPICAL TERM
Topical term or geographic name as entry element Caliphs
9 (RLIN) 100376
651 #0 - SUBJECT ADDED ENTRY--GEOGRAPHIC NAME
Geographic name Islamic Empire
General subdivision History
Chronological subdivision 622-661
9 (RLIN) 98644
942 ## - ADDED ENTRY ELEMENTS (KOHA)
Source of classification or shelving scheme Dewey Decimal Classification
Koha item type Books
Holdings
Lost status Source of classification or shelving scheme Damaged status Not for loan Collection code Permanent Location Current Location Shelving location Date acquired Source of acquisition Cost, normal purchase price Total Checkouts Full call number Date last seen Copy number Koha item type
  Dewey Decimal Classification     Non-fiction Central Library, University of Rajshahi Central Library, University of Rajshahi   10/12/1955 Allis Book Cor. 17.10   297.648 ALE 1951 29/04/2014 C-2 Books
  Dewey Decimal Classification   Not For Loan Rare Books Central Library, University of Rajshahi Central Library, University of Rajshahi Rare Book Section 30/10/2018       RA 297.648 ALE 1951 30/10/2018 C-1 Rare Books